Upper Colorado river and its utilization/ (Record no. 26762)

MARC details
000 -LEADER
fixed length control field 01057cam a22002771i 4500
001 - CONTROL NUMBER
control field gs 29000376
003 - CONTROL NUMBER IDENTIFIER
control field DLC
005 - DATE AND TIME OF LATEST TRANSACTION
control field 20260227111334.0
008 - FIXED-LENGTH DATA ELEMENTS--GENERAL INFORMATION
fixed length control field 791004s1929 dcu f001 0 eng
010 ## - LIBRARY OF CONGRESS CONTROL NUMBER
LC control number gs 29000376
035 ## - SYSTEM CONTROL NUMBER
System control number (OCoLC)5465859
040 ## - CATALOGING SOURCE
Original cataloging agency DLC
Transcribing agency CoU-DA
Modifying agency OCoLC
-- DLC
050 00 - LIBRARY OF CONGRESS CALL NUMBER
Classification number TC801
Item number .U2 no. 617
051 ## - LIBRARY OF CONGRESS COPY, ISSUE, OFFPRINT STATEMENT
Classification number TC425.C6
Item number F6
086 0# - GOVERNMENT DOCUMENT CLASSIFICATION NUMBER
Classification number I 19.13:617
100 1# - MAIN ENTRY--PERSONAL NAME
Personal name Follansbee, Robert,
Dates associated with a name 1879-1952.
245 10 - TITLE STATEMENT
Title Upper Colorado river and its utilization/
Statement of responsibility, etc. by Robert Follansbee.
260 ## - PUBLICATION, DISTRIBUTION, ETC.
Place of publication, distribution, etc. Washington:
Name of publisher, distributor, etc. for sale by the Supt. of Docs., U.S. Govt. Print. Off.,
Date of publication, distribution, etc. 1929
300 ## - PHYSICAL DESCRIPTION
Extent xv, 394 p. :
Other physical details ill., 13 leaves of plates (incl. 8 fold. maps);
Dimensions 24 cm. --
490 1# - SERIES STATEMENT
Series statement Geological Survey (U.S.). Geological Survey water-supply paper ;
Volume/sequential designation 617
500 ## - GENERAL NOTE
General note At head of title: United States Department of the Interior.
651 #0 - SUBJECT ADDED ENTRY--GEOGRAPHIC NAME
Geographic name Colorado River (Colo.-Mexico)
651 #0 - SUBJECT ADDED ENTRY--GEOGRAPHIC NAME
Geographic name Colorado River (Colo.-Mexico)
General subdivision Power utilization.
650 #0 - SUBJECT ADDED ENTRY--TOPICAL TERM
Topical term or geographic name entry element Water-supply
Geographic subdivision West (U.S.)
830 #0 - SERIES ADDED ENTRY--UNIFORM TITLE
Uniform title Geological Survey water-supply paper ;
Volume/sequential designation 617.

No items available.

Powered by Koha